Sports Quiz

Random Sports or Soccer Quiz

England Number 2's Quiz Stats

 Plays Quiz not verified by Sporcle

Challenge
Share
Tweet
Embed
Score 0/251 Timer 10:00
0 Plays Today
Hint Answer % Correct
vs. Spain 07/02/07 (Friendly)Gary Neville
96.9%
vs. Croatia 11/10/06 (Euro Qualifying)Gary Neville
96.9%
vs. Macedonia 07/10/06 (Euro Qualifying)Gary Neville
96.9%
vs. Greece 16/08/06 (Friendly)Gary Neville
96.9%
vs. Portugal 01/07/06 (World Cup 2006)Gary Neville
96.9%
vs. Ecuador 25/06/06 (World Cup 2006)Gary Neville
96.9%
vs. Sweden 20/06/06 (World Cup 2006)Gary Neville
96.9%
vs. Trinidad & Tobago 15/06/06 (World Cup 2006)Gary Neville
96.9%
vs. Paraguay 10/06/06 (World Cup 2006)Gary Neville
96.9%
vs. Hungary 30/05/06 (Friendly)Gary Neville
96.9%
vs. Uruguay 01/03/06 (Friendly)Gary Neville
96.9%
vs. Denmark 17/08/05 (Friendly)Gary Neville
96.9%
vs. Azerbaijan 30/03/05 (World Cup Qual.)Gary Neville
96.9%
vs. Northern Ireland 26/03/05 (World Cup Qual.)Gary Neville
96.9%
vs. Netherlands 09/02/05 (Friendly)Gary Neville
96.9%
vs. Spain 17/11/04 (Friendly)Gary Neville
96.9%
vs. Azerbaijan 13/10/04 (World Cup Qual.)Gary Neville
96.9%
vs. Wales 09/10/04 (World Cup Qual.)Gary Neville
96.9%
vs. Poland 08/09/04 (World Cup Qual.)Gary Neville
96.9%
vs. Austria 04/09/04 (World Cup Qual.)Gary Neville
96.9%
vs. Ukraine 18/09/04 (Friendly)Gary Neville
96.9%
vs. Portugal 24/06/04 (Euro 2004)Gary Neville
96.9%
vs. Croatia 21/06/04 (Euro 2004)Gary Neville
96.9%
vs. Switzerland 17/06/04 (Euro 2004)Gary Neville
96.9%
vs. France 13/06/04 (Euro 2004)Gary Neville
96.9%
vs. Iceland 05/06/04 (FA Summer Tournament)Gary Neville
96.9%
vs. Japan 01/06/04 (FA Summer Tournament)Gary Neville
96.9%
vs. Denmark 16/11/03 (Friendly)Gary Neville
96.9%
vs. Turkey 11/10/03 (Euro Qualifying)Gary Neville
96.9%
vs. Liechtenstein 10/09/03 (Euro Qualifying)Gary Neville
96.9%
vs. Macedonia 06/09/03 (Euro Qualifying)Gary Neville
96.9%
vs. Turkey 02/04/03 (Euro Qualifying)Gary Neville
96.9%
vs. Liechtenstein 29/03/03 (Euro Qualifying)Gary Neville
96.9%
vs. Australia 12/02/03 (Friendly)Gary Neville
96.9%
vs. Macedonia 16/10/02 (Euro Qualifying)Gary Neville
96.9%
vs. Slovakia 12/10/02 (Euro Qualifying)Gary Neville
96.9%
vs. Paraguay 17/04/02 (Friendly)Gary Neville
96.9%
vs. Netherlands 13/02/02 (Friendly)Gary Neville
96.9%
vs. Sweden 10/11/01 (Friendly)Gary Neville
96.9%
vs. Greece 06/10/01 (World Cup Qual.)Gary Neville
96.9%
vs. Albania 05/09/01 (World Cup Qual.)Gary Neville
96.9%
vs. Germany 01/09/01 (World Cup Qual.)Gary Neville
96.9%
vs. Netherlands 15/08/01 (Friendly)Gary Neville
96.9%
vs. Albania 28/03/01 (World Cup Qual.)Gary Neville
96.9%
vs. Finland 24/03/01 (World Cup Qual.)Gary Neville
96.9%
vs. Italy 15/11/00 (Friendly)Gary Neville
96.9%
vs. Germany 07/10/00 (World Cup Qual.)Gary Neville
96.9%
vs. Romania 20/06/00 (Euro 2000)Gary Neville
96.9%
vs. Germany 17/06/00 (Euro 2000)Gary Neville
96.9%
vs. Portugal 12/06/00 (Euro 2000)Gary Neville
96.9%
vs. Malta 03/06/00 (Friendly)Gary Neville
96.9%
vs. Brazil 27/05/00 (Friendly)Gary Neville
96.9%
vs. Poland 08/09/99 (Euro Qualifying)Gary Neville
96.9%
vs. Poland 27/03/99 (Euro Qualifying)Gary Neville
96.9%
vs. Bulgaria 10/10/98 (Euro Qualifying)Gary Neville
96.9%
vs. Belgium 29/05/98 (King Hassan II Tournament)Gary Neville
96.9%
vs. Saudi Arabia 23/05/98 (Friendly)Gary Neville
96.9%
vs. Portugal 22/04/98 (Friendly)Gary Neville
96.9%
vs. Chile 11/02/98 (Friendly)Gary Neville
96.9%
vs. Moldova 10/09/97 (World Cup Qual.)Gary Neville
96.9%
vs. Brazil 10/06/97 (Le Tournoi)Gary Neville
96.9%
vs. France 07/06/97 (Le Tournoi)Gary Neville
96.9%
vs. Italy 04/06/97 (Le Tournoi)Gary Neville
96.9%
vs. Poland 31/05/97 (World Cup Qual.)Gary Neville
96.9%
vs. South Africa 24/05/97) (Friendly)Phil Neville
96.9%
vs. Georgia 30/04/97 (World Cup Qual.)Gary Neville
96.9%
vs. Italy 12/02/97 (World Cup Qual.)Gary Neville
96.9%
vs. Poland 09/10/96 (World Cup Qual.)Gary Neville
96.9%
vs. Moldova 01/08/96 (World Cup Qual.)Gary Neville
96.9%
vs. Germany 26/06/96 (Euro 1996)Gary Neville
96.9%
vs. Spain 22/06/96 (Euro 1996)Gary Neville
96.9%
vs. Netherlands 18/06/96 (Euro 1996)Gary Neville
96.9%
vs. Scotland 15/06/96 (Euro 1996)Gary Neville
96.9%
vs. Switzerland 08/06/96 (Euro 1996)Gary Neville
96.9%
vs. China 23/05/96 (Friendly)Gary Neville
96.9%
vs. Hungary 18/05/96 (Friendly)Gary Neville
96.9%
vs. Croatia 24/04/96 (Friendly)Gary Neville
96.9%
vs. Bulgaria 27/03/96 (Friendly)Gary Neville
96.9%
vs. Israel 24/03/07 (Euro Qualifying)Phillip Neville
96.4%
vs. Macedonia 06/09/06 (Euro Qualifying)Phillip Neville
96.4%
vs. Andorra 02/09/06 (Euro Qualifying)Phillip Neville
96.4%
vs. Colombia 31/05/05 (Friendly)Phillip Neville
96.4%
vs. Portugal 18/02/04 (Friendly)Phillip Neville
96.4%
vs. Croatia 20/03/03 (Friendly)Phillip Neville
96.4%
Hint Answer % Correct
vs. Greece 06/06/01 (World Cup Qual.)Phillip Neville
96.4%
vs. Mexico 25/05/01 (Friendly)Phillip Neville
96.4%
vs. Spain 28/02/01 (Friendly)Phillip Neville
96.4%
vs. Finland 11/10/00 (World Cup Qual.)Phillip Neville
96.4%
vs. Scotland 17/11/99 (Euro Play-off)Phillip Neville
96.4%
vs. Scotland 13/11/99 (Euro Play-off)Phillip Neville
96.4%
vs. Bulgaria 09/06/99 (Euro Qualifying)Phillip Neville
96.4%
vs. Sweden 05/06/99 (Euro Qualifying)Phillip Neville
96.4%
vs. Hong Kong XI 26/05/96 (Unofficial Friendly)Phillip Neville
96.4%
vs. Iceland 27/06/2016 (Euro 2016)Kyle Walker
90%
vs. Slovakia 04/09/2016 (World Cup Qual.)Kyle Walker
90%
vs. Spain 13/11/15 (Friendly)Kyle Walker
89.3%
vs. Lithuania 12/10/15 (Euro Qualifying)Kyle Walker
89.3%
vs. Germany 19/11/13 (Friendly)Kyle Walker
89.3%
vs. Montenegro 11/10/13 (World Cup Qual.)Kyle Walker
89.3%
vs. Ukraine 10/09/13 (World Cup Qual.)Kyle Walker
89.3%
vs. Moldova 06/09/13 (World Cup Qual.)Kyle Walker
89.3%
vs. Scotland 06/08/13 (Friendly)Kyle Walker
89.3%
vs. San Marino 22/03/13 (World Cup Qual.)Kyle Walker
89.3%
vs. San Marino 12/10/12 (World Cup Qual.)Kyle Walker
89.3%
vs. Italy 15/09/12 (Friendly)Kyle Walker
89.3%
vs. Sweden 15/11/11 (Friendly)Kyle Walker
89.3%
vs. Netherlands 29/03/16 (Friendly)Kyle Walker
89.3%
vs. Turkey 22/05/16 (Friendly)Kyle Walker
89.3%
vs. Portugal 02/06/16 (Friendly)Kyle Walker
89.3%
vs. Russia 11/06/2016 (Euro 2016)Kyle Walker
89.3%
vs. Wales 16/06/2016 (Euro 2016)Kyle Walker
89.3%
vs. Slovakia 20/06/2016 (Euro 2016)Kyle Walker
89.3%
vs. Malta 08/09/2016 (World Cup Qual.)Kyle Walker
87.9%
vs. Slovenia 11/10/2016 (World Cup Qual.)Kyle Walker
87.9%
vs. Scotland 11/11/2016 (World Cup Qual.)Kyle Walker
87.9%
vs. Germany 22/03/2017 (Friendly)Kyle Walker
87.9%
vs. Lithuania 26/03/2017 (World Cup Qual.)Kyle Walker
87.9%
vs. Costa Rica 24/06/14 (World Cup 2014)Glen Johnson
86.2%
vs. Uruguay 19/06/14 (World Cup 2014) Glen Johnson
86.2%
vs. Italy 14/06/14 (World Cup 2014)Glen Johnson
86.2%
vs. Honduras 07/06/14 (Friendly)Glen Johnson
86.2%
vs. Ecuador 04/06/14 (Friendly)Glen Johnson
86.2%
vs. Peru 30/05/14 (Friendly)Glen Johnson
86.2%
vs. Denmark 05/03/14 (Friendly)Glen Johnson
86.2%
vs. Chile 15/11/13 (Friendly)Glen Johnson
86.2%
vs. Brazil 02/06/13 (Friendly)Glen Johnson
86.2%
vs. Republic of Ireland 29/05/13 (Friendly)Glen Johnson
86.2%
vs. Montenegro 26/03/13 (World Cup Qual.)Glen Johnson
86.2%
vs. Brazil 06/02/13 (Friendly)Glen Johnson
86.2%
vs. Sweden 14/11/12 (Friendly)Glen Johnson
86.2%
vs. Poland 17/10/12 (World Cup Qual.)Glen Johnson
86.2%
vs. Ukraine 11/09/12 (World Cup Qual.)Glen Johnson
86.2%
vs. Moldova 07/09/12 (World Cup Qual.)Glen Johnson
86.2%
vs. Italy 24/06/12 (Euro 2012)Glen Johnson
86.2%
vs. Ukraine 19/06/12 (Euro 2012)Glen Johnson
86.2%
vs. Sweden 15/06/12 (Euro 2012)Glen Johnson
86.2%
vs. France 11/06/12 (Euro 2012)Glen Johnson
86.2%
vs. Belgium 02/06/12 (Friendly)Glen Johnson
86.2%
vs. Spain 12/11/11 (Friendly)Glen Johnson
86.2%
vs. Switzerland 04/06/11 (Euro Qualifying)Glen Johnson
86.2%
vs. Ghana 29/03/11 (Friendly)Glen Johnson
86.2%
vs. Wales 26/03/11 (Euro Qualifying)Glen Johnson
86.2%
vs. Denmark 09/02/11(Friendly)Glen Johnson
86.2%
vs. Montenegro 12/10/10 (Euro Qualifying)Glen Johnson
86.2%
vs. Switzerland 07/09/10 (Euro Qualifying)Glen Johnson
86.2%
vs. Bulgaria 03/09/10 (Euro Qualifying)Glen Johnson
86.2%
vs. Hungary 11/08/10 (Friendly)Glen Johnson
86.2%
vs. Germany 27/06/10 (World Cup 2010)Glen Johnson
86.2%
vs. Slovenia 23/06/10 (World Cup 2010)Glen Johnson
86.2%
vs. Algeria 18/06/10 (World Cup 2010)Glen Johnson
86.2%
vs. USA 12/06/10 (World Cup 2010)Glen Johnson
86.2%
vs. Japan 30/05/10 (Friendly)Glen Johnson
86.2%
vs. Mexico 24/05/10 (Friendly)Glen Johnson
86.2%
vs. Belarus 14/10/09 (World Cup Qual.)Glen Johnson
86.2%
vs. Ukraine 10/10/09 (World Cup Qual.)Glen Johnson
86.2%
vs. Croatia 09/09/09 (World Cup Qual.)Glen Johnson
86.2%
vs. Slovenia 05/09/09 (World Cup Qual.)Glen Johnson
86.2%
vs. Netherlands 12/08/09 (Friendly)Glen Johnson
86.2%
vs. Andorra 10/06/09 (World Cup Qual.)Glen Johnson
86.2%
vs. Kazakhstan 06/06/09 (World Cup Qual.)Glen Johnson
86.2%
vs. Ukraine 01/04/09 (World Cup Qual.)Glen Johnson
86.2%
vs. Slovakia 28/03/09 (Friendly)Glen Johnson
86.2%
vs. Spain 11/02/09 (Friendly)Glen Johnson
86.2%
vs. Germany 19/11/08 (Friendly)Glen Johnson
86.2%
vs. Andorra 06/09/08 (World Cup Qual.)Glen Johnson
86.2%
vs. Trinidad & Tobago 01/06/08 (Friendly)Glen Johnson
86.2%
vs. USA 28/05/05 (Friendly)Glen Johnson
86.2%
vs. Platinum Stars 07/06/10 (Unofficial Friendly)Glen Johnson
86.2%
Hint Answer % Correct
vs. France 17/11/15 (Friendly)Nathaniel Clyne
81.7%
vs. Estonia 09/10/15 (Euro Qualifying)Nathaniel Clyne
81.7%
vs. Switzerland 08/09/15 (Euro Qualifying)Nathaniel Clyne
81.7%
vs. San Marino 05/09/15 (Euro Qualifying)Nathaniel Clyne
81.7%
vs. Italy 31/03/15 (Friendly)Nathaniel Clyne
81.7%
vs. Lithuania 27/03/15 (Euro Qualifying)Nathaniel Clyne
81.7%
vs. Scotland 18/11/14 (Friendly)Nathaniel Clyne
81.7%
vs. Slovenia 15/11/14 (Friendly)Nathaniel Clyne
81.7%
vs. Germany 26/03/16 (Friendly)Nathaniel Clyne
81.7%
vs. Australia 27/05/16 (Friendly)Nathaniel Clyne
81.7%
vs. Slovakia 11/06/03 (Euro Qualifying)Danny Mills
71.4%
vs. Serbia & Montenegro 03/06/03 (Friendly)Danny Mills
71.4%
vs. South Africa 22/05/03 (Friendly)Danny Mills
71.4%
vs. Portugal 07/09/02 (Friendly)Danny Mills
71.4%
vs. Brazil 21/06/02 (World Cup 2002)Danny Mills
71.4%
vs. Denmark 15/06/02 (World Cup 2002)Danny Mills
71.4%
vs. Nigeria 12/06/02 (World Cup 2002)Danny Mills
71.4%
vs. Argentina 07/06/02 (World Cup 2002)Danny Mills
71.4%
vs. Cameroon 02/06/02 (Friendly)Danny Mills
71.4%
vs. Sweden 02/06/02 (World Cup 2002)Danny Mills
71.4%
vs. South Korea 26/05/02 (Friendly)Danny Mills
71.4%
vs. Italy 27/03/02 (Friendly)Danny Mills
71.4%
vs. Spain 15/11/2016 (Friendly)Nathaniel Clyne
70.7%
vs. Slovenia 14/06/15 (Euro Qualifying)Phil Jones
69.2%
vs. Republic of Ireland 07/06/2015 (Friendly)Phil Jones
69.2%
vs. Norway 26/05/12 (Friendly)Phil Jones
69.2%
vs. Montenegro 07/10/11 (Euro Qualifying)Phil Jones
69.2%
vs. France 02/09/00 (Friendly)Sol Campbell
62.9%
vs. Sweden 05/09/98 (Euro Qualifying)Sol Campbell
62.9%
vs. Argentina 30/06/98 (World Cup 1998)Sol Campbell
62.9%
vs. Colombia 26/06/98 (World Cup 1998)Sol Campbell
62.9%
vs. Romania 22/06/98 (World Cup 1998)Sol Campbell
62.9%
vs. Tunisia 15/06/98 (World Cup 1998)Sol Campbell
62.9%
vs. Cameroon 15/11/97 (Friendly)Sol Campbell
62.9%
vs. Italy 11/10/97 (World Cup Qual.)Sol Campbell
62.9%
vs. Georgia 09/11/96 (World Cup Qual.)Sol Campbell
62.9%
vs. Poland 15/10/13 (World Cup Qual.)Chris Smalling
58.5%
vs. Wales 06/09/11 (Euro Qualifying)Chris Smalling
58.5%
vs. Bulargia 02/09/11 (Euro Qualifying)Chris Smalling
58.5%
vs. France 10/02/99 (Euro Qualifying)Lee Dixon
57.6%
vs. Netherlands 29/02/12 (Friendly)Micah Richards
52.7%
vs. Croatia 21/11/07 (Euro Qualifying)Micah Richards
52.7%
vs. Austria 16/11/07 (Friendly)Micah Richards
52.7%
vs. Russia 17/10/07 (Euro Qualifying)Micah Richards
52.7%
vs. Estonia 13/10/07 (Euro Qualifying)Micah Richards
52.7%
vs. Russia 12/09/07 (Euro Qualifying)Micah Richards
52.7%
vs. Israel 08/09/07 (Euro Qualifying)Micah Richards
52.7%
vs. Germany 22/08/07 (Friendly)Micah Richards
52.7%
vs. Andorra 28/03/07 (Euro Qualifying)Micah Richards
52.7%
vs. Brazil 01/06/07 (Friendly)Jamie Carragher
52.7%
vs. Netherlands 15/11/06 (Friendly)Micah Richards
52.7%
vs. Jamaica 03/06/06 (Friendly)Jamie Carragher
52.7%
vs. Sweden 31/03/04 (Friendly)Jamie Carragher
52.7%
vs. Luxembourg 14/10/98 (Euro Qualifying)Rio Ferdinand
51.8%
vs. Egypt 03/03/10 (Friendly)Wes Brown
47.8%
vs. Brazil 14/11/09 (Friendly)Wes Brown
47.8%
vs. Belarus 15/10/08 (World Cup Qual.)Wes Brown
47.8%
vs, Kazakhstan 11/10/08 (World Cup Qual.)Wes Brown
47.8%
vs. Croatia 10/09/08 (World Cup Qual.)Wes Brown
47.8%
vs. Czech Republic 20/08/08 (Friendly)Wes Brown
47.8%
vs. USA 28/05/08 (Friendly)Wes Brown
47.8%
vs. France 26/03/08 (Friendly)Wes Brown
47.8%
vs. Switzerland 06/02/08 (Friendly)Wes Brown
47.8%
vs. Estonia 06/06/07 (Euro Qualifying)Wes Brown
47.8%
vs. Hungary 28/04/99 (Friendly)Wes Brown
47.8%
vs. Argentina 12/11/05 (Friendly)Luke Young
44.2%
vs. Poland 12/10/05 (World Cup Qual.)Luke Young
44.2%
vs. Austria 08/10/05 (World Cup Qual.)Luke Young
44.2%
vs. Northern Ireland 07/09/05 (World Cup Qual.)Luke Young
44.2%
vs. Wales 03/09/05 (World Cup Qual.)Luke Young
44.2%
vs. Switzerland 08/09/14 (Euro Qualifying)John Stones
41.1%
vs. Norway 03/09/14 (Friendly)John Stones
41.1%
vs. Czech Republic 18/11/98 (Friendly)Martin Keown
40.6%
vs. Morocco 27/05/98 (King Hassan II Tournament)Martin Keown
40.6%
vs. Switzerland 25/03/98 (Friendly)Martin Keown
40.6%
vs. Mexico 29/03/97 (Friendly)Martin Keown
40.6%
vs. France 17/11/10 (Friendly)Phil Jagielka
37.9%
vs. Estonia 12/10/14 (Euro Qualifying)Calum Chambers
30.4%
vs. San Marino 09/10/14 (Euro Qualifying)Calum Chambers
30.4%
vs. Argentina 23/02/00 (Friendly)Kieron Dyer
21.9%
vs. Belgium 10/10/99 (Friendly)Kieron Dyer
21.9%
vs. Luxembourg 04/08/99 (Euro Qualifying)Kieron Dyer
21.9%
vs. Ukraine 31/05/00 (Friendly)Steven Gerrard
21.4%

You're not logged in!

Compare scores with friends on all Sporcle quizzes.
Join for Free
OR
Log In

You Might Also Like...

Show Comments

Extras

Top Quizzes Today


Score Distribution

Your Account Isn't Verified!

In order to create a playlist on Sporcle, you need to verify the email address you used during registration. Go to your Sporcle Settings to finish the process.

Report this User

Report this user for behavior that violates our Community Guidelines.

Details: